000 00271nam a2200121Ia 4500
008 190216s9999||||xx |||||||||||||| ||und||
100 _aCarry On Jeeves
245 0 _aWodehouse
260 _bPenguin Books
_c1976
300 _a219
650 _aEnglish Novel
942 _cBK
999 _c12754
_d12754